Dilemas de Política Económica en América Latina (Registro nro. 28803)
[ vista simple ]
| 000 -LEADER | |
|---|---|
| fixed length control field | 00392 a2200121 4500 |
| 001 - CONTROL NUMBER | |
| control field | ART_24035 |
| 005 - DATE AND TIME OF LATEST TRANSACTION | |
| control field | 20260410161933.0 |
| 008 - FIXED-LENGTH DATA ELEMENTS--GENERAL INFORMATION | |
| fixed length control field | 260409a |
| 100 1# - MAIN ENTRY--PERSONAL NAME | |
| Personal name | Katz, Jorge M. |
| 245 10 - TITLE STATEMENT | |
| Title | Dilemas de Política Económica en América Latina |
| 700 1# - ADDED ENTRY--PERSONAL NAME | |
| Personal name | Bernat, Gonzalo |
| 773 0# - HOST ITEM ENTRY | |
| Title | Revista de Economía Política de Buenos Aires |
| Related parts | - Año 7, Nº 12 (mayo 2013) |
| Record control number | REV23982 |
No hay ítems disponibles.